| 000 | 01125cam a22003011 4500 | ||
|---|---|---|---|
| 001 | gs 48000012 | ||
| 003 | DLC | ||
| 005 | 20260227111353.0 | ||
| 008 | 800318s1947 dcub b s000 0 eng c | ||
| 010 | _ags 48000012 | ||
| 035 | _a(OCoLC)6098479 | ||
| 040 |
_aU.S. Geol. Survey. Libr. _cOCl _dOCoLC _dDLC |
||
| 042 | _apremarc | ||
| 050 | 0 | 0 |
_aGB705.T4 _bA5 1947 |
| 082 | _a551.49 | ||
| 110 | 2 | _aTexas Water Commission. | |
| 245 | 0 | 0 |
_aRelationship of ground water to the discharge of the Leona River in Uvalde and Zavala Counties, Texas, _cby Penn Livingston. Prepared in cooperation with the United States Dept of the Interior, Geological Survey. |
| 260 |
_aWashington] _c1947. |
||
| 300 |
_a52 l. _bmaps (2 fold.) _c28 cm. |
||
| 500 | _aAt head of title: Texas Board of Water Engineers. | ||
| 504 | _aIncludes references. | ||
| 651 | 0 | _aLeona River (Tex.) | |
| 650 | 0 |
_aGroundwater _zTexas _zUvalde County. |
|
| 650 | 0 |
_aGroundwater _zTexas _zZavala County. |
|
| 650 | 0 |
_aWater-supply _zTexas _zUvalde County. |
|
| 650 | 0 |
_aWater-supply _zTexas _zZavala County. |
|
| 700 | 1 |
_aLivingston, Penn _q(Penn Poore), _d1899- |
|
| 999 |
_c28235 _d28235 |
||